[Event "TUR-ch"]
[Site "Antalya"]
[Date "2013.02.03"]
[Round "2"]
[White "Ilcin, Murat Veysi"]
[Black "Bircan, Selim"]
[Result "1/2-1/2"]
[WhiteElo "1796"]
[BlackElo "1975"]
[PlyCount "77"]
[EventDate "2013.02.02"]
[EventType "swiss"]
[EventRounds "11"]
[EventCountry "TUR"]
[SourceTitle "CBM 152 Extra"]
[Source "ChessBase"]
[SourceDate "2013.02.25"]
[SourceVersion "1"]
[SourceVersionDate "2013.02.25"]
[SourceQuality "1"]

1. d4 d6 2. c4 e5 3. dxe5 dxe5 4. Qxd8+ Kxd8 5. Nc3 Be6 6. e4 Nd7 7. f4 f6 8. Nf3 c6 9. Be3 exf4 10. Bxf4 Ne7 11. 0-0-0 Ng6 12. Bg3 Kc8 13. Nd4 Bf7 14. Nf5 Nge5 15. b3 Kc7 16. Be2 h5 17. h3 Re8 18. Kc2 g6 19. Nd4 Kc8 20. Rhf1 Bb4 21. Nf3 Rhf8 22. Nxe5 fxe5 23. Bf2 Bc5 24. Bh4 Bg8 25. g4 hxg4 26. Bxg4 Bd4 27. Ne2 c5 28. Nc3 Rf4 29. Bg5 Rxf1 30. Rxf1 Bxc3 31. Kxc3 Kc7 32. Rd1 Be6 33. Bxe6 Rxe6 34. Rf1 Re8 35. Rf7 Rf8 36. Rxf8 Nxf8 37. Kd3 Ne6 38. Bf6 Kd6 39. h4 1/2-1/2